La vida de otro modo poesía, 1983-2008 /

Saved in:
書目詳細資料
主要作者: Campos Pámpano, Ángel, 1957-
其他作者: Lama, Miguel Ángel, 1962-
格式: 電子 電子書
語言:西班牙语
出版: Madrid : Calambur Editorial, 2008.
版:1a. ed.
叢編:Calambur poesía ; 86.
Digitalia eBook Collection: Calambur Editorial
主題:
在線閱讀:Digitalia Hispánica
標簽: 添加標簽
沒有標簽, 成為第一個標記此記錄!

MARC

LEADER 00000nam a2200000Ia 4500
001 DIGCAL0586
003 NyNyDIG
006 m d
007 cr |||||||||||
008 121201s2008 sp o 001 0 spa
020 |z 9788483590362 (pbk.) 
020 |z 8483590360 (pbk.) 
040 |a DGITA  |b eng  |e pn  |c DGITA 
050 0 0 |a PQ6653.A4925 ebook 
100 1 |a Campos Pámpano, Ángel,  |d 1957- 
245 1 3 |a La vida de otro modo   |h [electronic resource] :  |b poesía, 1983-2008 /  |c Ángel Campos Pámpano ; prólogo de Miguel Ángel Lama. 
250 |a 1a. ed. 
260 |a Madrid :  |b Calambur Editorial,   |c 2008.   |e (New York, NY. :  |f Digitalia Inc,   |g 2012). 
300 |a 1 online resource (443 p.) :  |b ill. 
490 1 |a Calambur poesía ;  |v 86. 
500 |a Poems 
500 |a Includes index. 
506 |a Access restricted to subscribing institutions. 
655 0 |a Electronic books. 
700 1 |a Lama, Miguel Ángel,  |d 1962- 
791 2 |a Digitalia (Firm),  |e distributor. 
830 0 |a Calambur poesía ;  |v 86. 
830 0 |a Digitalia eBook Collection: Calambur Editorial 
856 4 0 |3 Digitalia Hispánica  |u https://digitalia.unach.elogim.com/a/929/